Legend of Zelda - Original NES - Items Inventory - Statistics

General Stats
  • This quiz has been taken 127 times
  • The average score is 17 of 28
Answer Stats
Items % Correct
bomb
92%
bow
91%
arrow
88%
wooden sword
88%
boomerang
87%
magic sword
82%
raft
74%
ladder
71%
wooden shield
71%
recorder
70%
red candle
65%
blue candle
64%
magic shield
62%
blue ring
61%
silver arrow
61%
key
60%
magic rod
60%
red ring
60%
white sword
56%
magic book
55%
power bracelet
52%
magical boomerang
43%
magic key
38%
letter
35%
blue medicine
32%
enemy bait
31%
rupees
31%
red medicine
29%
No matching quizzes found
Score Distribution
Percent of People with Each Score
Percentile by Number Answered
Your Score History
You have not taken this quiz